000 00728nam a2200205Ii 4500
003 JO-AjNU
008 230605s9999||||xx |||||||||||||| ||und||
040 _aJO-AjNU
_bara
_erda
_cJO-AjNU
041 _aara
050 1 4 _aBP131.5.M83 1997
100 3 _aتاليف محيسن، محمد سالم,
_eauthor
_97816
245 0 0 _aالهادي: شرح طيبة النشر في القراءات العشر والكشف عن علل القراءات ةتوجيهها، ج2
250 _aط1
264 3 1 _aبيروت: دار الجيل، 1997
300 _aج2، 381ص
336 _atext
_btxt
_2rdacontent
337 _aunmediated
_bn
_2rdamedia
338 _avolume
_bnc
_2rdacarrier
650 4 _aالقران - القراءات
_97817
999 _aA471
_c4039
_d4039